000 00642nam a2200241 i 4500
001 C2-0003148
003 PPAK
005 20190630221802.0
008 970121s1990 my |||| ||||| | may d
020 _a9836216111
040 _aPPAK
_beng
_cPPAK
_erda
082 0 4 _a532.5
_223
090 0 0 _a532.5
_bAME
_dG
100 0 _aAmer Nordin Darus,
_eauthor
245 1 0 _aAliran bendalir unggul
264 1 _aKuala Lumpur :
_bDewan Bahasa dan Pustaka ,
_c1990
300 _axiv, 184 pages ;
_c22 cm
336 _2rdacontent
_atext
337 _2rdamedia
_aunmediated
338 _2rdacarrier
_avolume
650 1 0 _aFluid dynamics
942 _ddc
_cB
999 _c440
_d440